<?xml version="1.0" encoding="UTF-8"?>
<record
    xmlns:xsi="http://www.w3.org/2001/XMLSchema-instance"
    xsi:schemaLocation="http://www.loc.gov/MARC21/slim http://www.loc.gov/standards/marcxml/schema/MARC21slim.xsd"
    xmlns="http://www.loc.gov/MARC21/slim">

  <leader>00787nam a2200205Ia 4500</leader>
  <controlfield tag="003">OSt</controlfield>
  <controlfield tag="005">20240706120841.0</controlfield>
  <controlfield tag="008">210210b2010   xxu||||| |||| 00| 0 eng d</controlfield>
  <datafield tag="040" ind1=" " ind2=" ">
    <subfield code="c">AL</subfield>
  </datafield>
  <datafield tag="041" ind1=" " ind2=" ">
    <subfield code="a">Kannada</subfield>
  </datafield>
  <datafield tag="082" ind1=" " ind2=" ">
    <subfield code="a">954.04K RAMB</subfield>
  </datafield>
  <datafield tag="100" ind1=" " ind2=" ">
    <subfield code="a">RAMACHANDRA GUHA</subfield>
    <subfield code="d">&#xCB0;&#xCBE;&#xCAE;&#xC9A;&#xC82;&#xCA6;&#xCCD;&#xCB0; &#xC97;&#xCC1;&#xCB9;&#xCBE; </subfield>
    <subfield code="9">172807</subfield>
  </datafield>
  <datafield tag="245" ind1=" " ind2=" ">
    <subfield code="a">Bapu nantarada bharata: vishvada atidodda prajaprabhutvada apurva itihasa samputa 2</subfield>
    <subfield code="b">&#xCAC;&#xCBE;&#xCAA;&#xCC2; &#xCA8;&#xC82;&#xCA4;&#xCB0;&#xCA6; &#xCAD;&#xCBE;&#xCB0;&#xCA4; : &#xCB5;&#xCBF;&#xCB6;&#xCCD;&#xCB5;&#xCA6; &#xC85;&#xCA4;&#xCBF;&#xCA6;&#xCCA;&#xCA1;&#xCCD;&#xCA1; &#xCAA;&#xCCD;&#xCB0;&#xC9C;&#xCBE;&#xCAA;&#xCCD;&#xCB0;&#xCAD;&#xCC1;&#xCA4;&#xCCD;&#xCB5;&#xCA6; &#xC85;&#xCAA;&#xCC2;&#xCB0;&#xCCD;&#xCB5; &#xC87;&#xCA4;&#xCBF;&#xCB9;&#xCBE;&#xCB8; &#xCB8;&#xC82;&#xCAA;&#xCC1;&#xC9F; 2</subfield>
  </datafield>
  <datafield tag="260" ind1=" " ind2=" ">
    <subfield code="a">BengaLuru</subfield>
    <subfield code="b">Vasanta Prakashana</subfield>
    <subfield code="c">2010</subfield>
  </datafield>
  <datafield tag="300" ind1=" " ind2=" ">
    <subfield code="a">viii,514+16</subfield>
  </datafield>
  <datafield tag="440" ind1=" " ind2=" ">
    <subfield code="a">2</subfield>
    <subfield code="9">172808</subfield>
  </datafield>
  <datafield tag="690" ind1=" " ind2=" ">
    <subfield code="a">Indian History</subfield>
    <subfield code="9">172809</subfield>
  </datafield>
  <datafield tag="906" ind1=" " ind2=" ">
    <subfield code="a">065201</subfield>
  </datafield>
  <datafield tag="942" ind1=" " ind2=" ">
    <subfield code="2">ddc</subfield>
    <subfield code="c">BK</subfield>
  </datafield>
  <datafield tag="999" ind1=" " ind2=" ">
    <subfield code="c">142658</subfield>
    <subfield code="d">142658</subfield>
  </datafield>
  <datafield tag="952" ind1=" " ind2=" ">
    <subfield code="0">0</subfield>
    <subfield code="1">0</subfield>
    <subfield code="4">0</subfield>
    <subfield code="7">0</subfield>
    <subfield code="8">History</subfield>
    <subfield code="a">AL</subfield>
    <subfield code="b">AL</subfield>
    <subfield code="c">History</subfield>
    <subfield code="d">2021-02-17</subfield>
    <subfield code="e">Athree Book Centre Balmatta, Mangalore-01</subfield>
    <subfield code="g">290.00</subfield>
    <subfield code="l">1</subfield>
    <subfield code="o">954.04K RAMB</subfield>
    <subfield code="p">065201</subfield>
    <subfield code="r">2024-07-10 00:00:00</subfield>
    <subfield code="s">2024-06-28</subfield>
    <subfield code="w">2021-02-17</subfield>
    <subfield code="y">BK</subfield>
  </datafield>
</record>
